Central Library OPAC University of Rajshahi

The conditions of knowing : (Record no. 28685)

MARC details
000 -LEADER
fixed length control field 00841nam a2200265 a 4500
001 - CONTROL NUMBER
control field 28685
003 - CONTROL NUMBER IDENTIFIER
rucl marc code BD-RjUL
005 - DATE AND TIME OF LATEST TRANSACTION
control field 20211209051321.0
008 - FIXED-LENGTH DATA ELEMENTS--GENERAL INFORMATION
fixed length control field 140331s1951 enka 001 0 eng d
035 ## - SYSTEM CONTROL NUMBER
System control number (BD-RjUL)28767
System control number (OCoLC)1436131
040 ## - CATALOGING SOURCE
Original cataloging agency DLC
Transcribing agency JPL
Modifying agency OCL
-- EUX
-- BD-RjUL
Language of cataloging eng
041 ## - LANGUAGE CODE
Language code of text/sound track or separate title eng
082 00 - DEWEY DECIMAL CLASSIFICATION NUMBER
Classification number 121
Author mark and year SIC 1951
100 1# - MAIN ENTRY--PERSONAL NAME
Personal name Sinclair, William Angus,
Dates associated with a name 1905-
9 (RLIN) 87771
245 14 - TITLE STATEMENT
Title The conditions of knowing :
Remainder of title an essay towards a theory of knowledge /
Statement of responsibility, etc. by Angus Sinclair.
260 ## - PUBLICATION, DISTRIBUTION, ETC. (IMPRINT)
Place of publication, distribution, etc. London :
Name of publisher, distributor, etc. Routledge & Kegan Paul,
Date of publication, distribution, etc. 1951.
300 ## - PHYSICAL DESCRIPTION
Pagination 260 p. ;
Size 22 cm.
504 ## - BIBLIOGRAPHY, ETC. NOTE
Bibliography, etc Includes index.
650 #0 - SUBJECT ADDED ENTRY--TOPICAL TERM
Topical term or geographic name as entry element Knowledge, Theory of.
9 (RLIN) 87772
830 #0 - SERIES ADDED ENTRY--UNIFORM TITLE
Uniform title International library of psychology, philosophy, and scientific method
942 ## - ADDED ENTRY ELEMENTS (KOHA)
Source of classification or shelving scheme Dewey Decimal Classification
Koha item type Books
Holdings
Lost status Source of classification or shelving scheme Damaged status Not for loan Collection code Permanent Location Current Location Shelving location Date acquired Source of acquisition Cost, normal purchase price Total Checkouts Full call number Date last seen Copy number Koha item type
  Dewey Decimal Classification   Added to bundle Non-fiction Central Library, University of Rajshahi Central Library, University of Rajshahi Reading Room 02/02/1956 A. B. C. 17.10   121 SIC 1951 31/03/2014 C-1 Books
  Dewey Decimal Classification     Non-fiction Central Library, University of Rajshahi Central Library, University of Rajshahi   02/02/1956 A. B. C. 17.10   121 SIC 1951 31/03/2014 C-2 Books